000 00342 a2200133 4500
000 nam a22 7a 4500
100 _aHess, Richard
110 _aHess, Richard
245 _aTextbook of Forensic Chemistry
250 _aLatest edition
260 _bbrilliance publishing
_c2023
264 _bbrilliance publishing
_c2023
942 _cBK
999 _c394400
_d394400